000 00749nam0a22002531 4500
001 rc\3961724
005 20250610132343.0
021 _aRU
_b[55-53346]
035 _a(NLR Aleph) 007927962
090 _a8200063
_c8200063
100 _a20130415d1955 |||y0rusy50 ca
101 0 _arus
102 _aRU
105 _aa z |||a|
200 1 _aШвабра
_e(Басни и стихи)
_fРис. Л.А. Ильиной
210 _aФрунзе
_cКиргизучпедгиз
_d1955
215 _a64 с.
_cил.
_d26
700 1 _aЗемляк
_bЯ.Б.
_f1906-
_gЯкуб Борисович
702 1 _aИльина
_bЛ.А.
_4440
801 0 _aRU
_bNLR
_gpsbo
801 1 _aRU
_bELAR
_2rusmarc
852 _aNLR
_jДл02 Г-8/1389
942 _cBOOK
980 _aNB